Basic Mathematics for College Students (Record no. 952)

MARC details
005 - DATE AND TIME OF LATEST TRANSACTION
control field 20250319111208.0
082 ## - DEWEY DECIMAL CLASSIFICATION NUMBER
Classification number 510 STE
100 ## - MAIN ENTRY--PERSONAL NAME
Author name STEIN, E. I.
245 ## - TITLE STATEMENT
Title Basic Mathematics for College Students
250 ## - EDITION STATEMENT
Edition statement 5th Ed.
260 ## - PUBLICATION, DISTRIBUTION, ETC.
Place of publication, distribution, etc. Boston,
Name of publisher, distributor, etc. Allyn & Bacon,
Date of publication, distribution, etc. 1974.
300 ## - PHYSICAL DESCRIPTION
Extent xii, 659p.: ill,; table
Dimensions 23cm.
942 ## - ADDED ENTRY ELEMENTS (KOHA)
Source of classification or shelving scheme Dewey Decimal Classification
Koha item type Books
Holdings
Date last seen Total checkouts Full call number Barcode Cost, replacement price Price effective from Koha item type Lost status Source of classification or shelving scheme Damaged status Not for loan Withdrawn status Home library Current library Shelving location Date acquired Cost, normal purchase price
03/19/2025   510 STE 0000003789 30000.00 03/19/2025 Books   Dewey Decimal Classification       College of Business Education Main Library College of Business Education Main Library General Collection 03/19/2025 10000.00
03/19/2025   510 STE 0000003803 30000.00 03/19/2025 Books   Dewey Decimal Classification       College of Business Education Main Library College of Business Education Main Library General Collection 03/19/2025 10000.00